header

The Age of expert testimony (Record no. 63023)

MARC details
000 -LEADER
fixed length control field 01366nam a2200325Ia 4500
245 14 - TITLE STATEMENT
Title The Age of expert testimony
260 ## - PUBLICATION, DISTRIBUTION, ETC. (IMPRINT)
Place of publication Washington, D.C. :
Name of publisher National Research Council,
Year of publication c2002.
300 ## - PHYSICAL DESCRIPTION
Number of Pages xi, 68 p.
490 1# - SERIES STATEMENT
Series statement Compass series
650 #0 - SUBJECT ADDED ENTRY--TOPICAL TERM
Topical Term Evidence, Expert
Topical Term Science and law
Topical Term Forensic sciences
856 40 - ELECTRONIC LOCATION AND ACCESS
Uniform Resource Identifier http://site.ebrary.com/lib/rucke/Doc?id=10032381

No items available.

© 2026 Rongo University
Contact us: librarian | system librarian | Rongo university